000
00371nam a2200169Ia 4500
003
0STCL
008
150530s9999 xx 000 0 und d
040
_a
STCL
_c
STCL
100
_a
OSHO
245
_a
Freedom The Courage to Be Yourself
260
_c
2004
_a
New York
300
_a
0
546
_a
English
942
_2
ddc
_c
BK
999
_c
3623
_d
3623
005
20220125165336.0